000 00620nam a2200253Ia 4500
005 20260306145446.0
008 008 260114s9999 xx 000 0 eng d
020 _a9781438491561
037 _aEbook
040 _aCRL
040 _beng
040 _cCRL
041 _2eng
041 _aeng
084 _qCRL
100 _aClark, John L. Jr.
_91123783
245 0 _aBlues on stage : the blues entertainment industry in the 1920s
260 _bSuny Press
260 _c2023
650 _aMusic
856 _uhttps://www.degruyter.com/isbn/9781438491561
942 _cEBOOK
999 _c1688617
_d1688617